100 Best Drummers of All Time - Statistics

General Stats
  • This quiz has been taken 544 times
    535 since last reset
  • The average score is 18 of 100
Answer Stats
Musical Act # Answer % Correct
The Beatles 14 Ringo Starr
88%
Led Zeppelin 1 John Bonham
86%
Who 2 Keith Moon
77%
Nirvana 27 Dave Grohl
76%
Genesis 43 Phil Collins
66%
Rush 4 Neil Peart
64%
Red Hot Chilii Peppers 64 Chad Smith
61%
Cream 3 Ginger Baker
60%
White Stripes 94 Meg White
60%
Rolling Stones 12 Charlie Watts
56%
Police 10 Stewart Copeland
56%
Journey 36 Steve Smith
48%
Mötley Crüe 85 Tommy Lee
48%
Blink-182 99 Travis Barker
47%
Emerson, Lake, and __________ 25 Earl Palmer
45%
The Ramones 70 Tommy Ramone
43%
AC/DC 86 Phil Rudd
35%
Black Sabbath 42 Bill Ward
31%
Deep Purple 21 Ian Paice
31%
___________ 15 Buddy Rich
30%
U2 96 Larry Mullen Jr.
29%
John Coltrane Quartet 23 Elvin Jones
27%
Guns N' Roses 98 Steven Adler
27%
Prince 58 Sheila E.
25%
_____________ 95 Chris Dave
23%
Tool 26 Danny Carey
23%
Slayer 47 Dave Lombardo
21%
Bruce Springsteen and the E Street Band 55 Max Weinberg
20%
Yes 16 Bill Bruford
19%
__________ 51 Alex Van Halen
18%
Miles Davis 19 Tony Williams
18%
Ohio Players 72 James Williams
17%
_________________ 8 Mitch Mitchell
17%
Band 22 Levon Helm
16%
Soundgarden 52 Matt Cameron
16%
_______________ 9 Al Jackson Jr.
14%
____________ 7 Gene Krupa
13%
Decoding Society 83 Ronald Shannon Jackson
13%
Velvet Underground 77 Maureen Tucker
12%
Vanilla Fudge 28 Carmine Appice
11%
Jeff Beck Group 50 Cozy Powell
11%
Smashing Pumpkins 53 Jimmy Chamberlin
11%
Dave Matthews Band 41 Carter Beauford
10%
Harold Melvin and the Blue Notes 76 Earl Young
10%
___________ 24 Steve Gadd
10%
Grateful Dead 34 Mickey Hart and Bill Kreutzmann
9%
_______________ 31 Roger Hawkins
9%
Frank Zappa 17 Terry Bozzio
9%
Meshuggah 93 Tomas Haake
9%
__________________ 60 Mick Fleetwood
8%
____________ 20 Bernard Purdie
7%
Miles Davis 45 Billy Cobham
7%
Blondie 61 Clem Burke
7%
_______________ 37 Jeff Porcaro
7%
Derek and the Dominoes 59 Jim Gordon
7%
Kinks 79 Mick Avory
7%
Bo Diddley 30 Clifton James
6%
____________ 5 Hal Blaine
6%
Santana 74 Michael Shrieve
6%
Elvis Costello 73 Pete Thomas
6%
__________________ 49 Vinnie Colaiuta
6%
____________ 54 Ahmir Thompson
5%
Magma 100 Christian Vander
5%
Melvins 69 Dale Crover
5%
Sugar Hill 63 Dennis Chambers
5%
Elvis Presley 13 D.J. Fontana
5%
Minutemen 87 George Hurley
5%
Sting 57 Manu Katché
5%
______________ 65 Sly Dunbar
5%
Koola Lobitos 33 Tony Allen
5%
Chic 62 Tony Thompson
5%
Descendents 89 Bill Stevenson
4%
Allan Brothers Band 71 Butch Trucks and Jai Johanny Johanson
4%
Mega Nova 97 Cindy Blackman
4%
Brown 6 Clyde Stubblefield and John Starks
4%
Tower of Power 46 Dave Garibaldi
4%
______________ 38 Jim Keltner
4%
Mars Volta 88 Jon Theodore
4%
_______________ 81 JR Robinson
4%
John Mellencamp 66 Kenny Aronoff
4%
Stevie Wonder 80 Steve Jordan
4%
Bad Brains 75 Earl Hudson
3%
Wilco 82 Glenn Kotche
3%
____________ 40 Jack DeJohnette
3%
Sleater-Kinney 90 Janet Weiss
3%
Captain Beefhearts Magic Band 48 John French
3%
Jeff Beck Group 78 Micky Waller
3%
Motown 11 Benny Benjamin
2%
Lightning Bolt 91 Brian Chippendale
2%
Bob Marley and the Wailers 29 Carlton Barrett
2%
Battles 84 John Stanier
2%
Meters 18 Joseph Modeliste
2%
Rockets 92 Ralph Molina
2%
Little Feat 56 Ritchie Hayward
2%
Aces 35 Fred Below
1%
Sly and the Family Stone 67 Greg Ericco
1%
Watts 103rd St Rhythm Band 32 James Gadson
1%
Parliament-Funkadelic 68 Jerome Brailey
1%
Buddy Holly 44 Jerry Alison
1%
Parliaments 39 Ramon Fullwood
1%
No matching quizzes found
Score Distribution
Percent of People with Each Score
Percentile by Number Answered
Your Score History
You have not taken this quiz since the last reset